| 000 | 00840nam a22002177a 4500 | ||
|---|---|---|---|
| 999 |
_c10913 _d10913 |
||
| 003 | AR-CdUCM | ||
| 008 | 190402b ||||| |||| 00| 0 spa d | ||
| 040 |
_aMUNICIPALIDAD PROVINCIAL DEL CUSCO _cBIBLIOTECA MUNICIPAL DEL CUSCO |
||
| 082 |
_aEP / 372.460 / _bZ42 |
||
| 100 |
_aZapata Santillana, Everardo _927530 |
||
| 245 |
_aRicardo y Raquel : _bLecturas integradas sexto grado / |
||
| 260 |
_aLima : _bEditorial Navarrete, _c1995. |
||
| 300 |
_a192 páginas ; _bIlustraciones, _c27 cm. |
||
| 440 |
_aEdiciones coquito _927944 |
||
| 505 | _aContenido: Guía didáctica -- A la escuela -- La primera campanada -- La flor del camino -- América -- Los papeles cambiados... | ||
| 650 |
_aLibro de lecturas _927519 |
||
| 650 |
_aLibros de actividades _927987 |
||
| 650 |
_aEducación primaria _91561 |
||
| 942 |
_2ddc _cLIBROS |
||
| 945 | _adavv | ||